| 000 | 00000nam##2200000za#4500 |
| 001 | 9.695489 |
| 003 | CaOODSP |
| 005 | 20210624234612 |
| 007 | cr ||||||||||| |
| 008 | 150407|2000||||xxc|||||o f|0| 0 eng|d |
| 040 | |aCaOODSP|beng |
| 043 | |an-cn--- |
| 086 | 1 |aF1-23/2000-4E-PDF |
| 110 | 1 |aCanada. |bDepartment of Finance. |
| 245 | 10|aFive year tax reduction plan |h[electronic resource] |
| 246 | 1 |iAt head of title : |aBetter finances, better lives - Budget 2000 |
| 260 | |aOttawa - Ontario : |bFinance Canada |cFebruary 28, 2000. |
| 300 | |a31p.|bgraphs, tables |
| 500 | |aThe catalogue number (F1-23/2000-4E) and ISBN (0-662-28621-9) for the print edition have been incorrectly copied in this electronic publication. |
| 590 | |a12-11-Supp|b2012-03-27 |
| 690 | 07|aFiscal policy|2gcpds |
| 690 | 07|aBudgets|2gcpds |
| 690 | 07|aPersonal income tax|2gcpds |
| 775 | 08|tPlan quinquennal de réduction des impôts |w(CaOODSP)9.639626 |
| 856 | 40|ahttp://publications.gc.ca|qPDF|s174 KB|uhttps://publications.gc.ca/collections/Collection/F1-23-2000-4E.pdf |